[Event "Scarborough CC ch reserves"]
[Site "Toronto CAN"]
[Date "2008.03.06"]
[Round "10"]
[White "Kurkowski, Ken"]
[Black "Mesiti, Silvano"]
[Result "1/2-1/2"]
[WhiteElo "1644"]
[BlackElo "1742"]
[PlyCount "100"]
[GameId "2160767910557666"]
[EventDate "2008.01.03"]
[EventType "swiss"]
[EventRounds "10"]
[EventCountry "CAN"]
[SourceTitle "EXT 2011"]
[Source "ChessBase"]
[SourceDate "2011.11.26"]
[SourceVersion "1"]
[SourceVersionDate "2011.11.26"]
[SourceQuality "1"]

1. e4 e5 2. Nf3 d6 3. d4 exd4 4. Nxd4 Nc6 5. Bb5 Bd7 6. O-O Be7 7. Re1 Nf6 8. Nc3 O-O 9. Nxc6 bxc6 10. Be2 Be6 11. Bf4 Nd7 12. Qd2 Bf6 13. Rad1 Qb8 14. b3 Qb4 15. Nb1 Qb6 16. Bf3 Ne5 17. Bxe5 Bxe5 18. Qe3 Qb8 19. g3 Qb6 20. Bg2 c5 21. c3 g6 22. f4 Bg7 23. e5 Rad8 24. c4 dxe5 25. fxe5 Rd4 26. Nc3 Rdd8 27. Na4 Qa5 28. Qxc5 Qxc5+ 29. Nxc5 Rxd1 30. Rxd1 Bxe5 31. Nxe6 fxe6 32. Rd7 Rf7 33. Rxf7 Kxf7 34. Kf2 Kf6 35. Ke3 Bd6 36. Ke4 Bc5 37. h3 h6 38. g4 g5 39. Bf1 a5 40. a4 Ke7 41. Be2 Kd6 42. Bf3 Ba3 43. Be2 Bb2 44. Bf3 Kc5 45. Kd3 e5 46. Be4 Kb4 47. Kc2 Ba1 48. Bf3 Kc5 49. Kd3 Kb4 50. Kc2 Bd4 1/2-1/2

[Event "Scarborough CC ch reserves"]
[Site "Toronto CAN"]
[Date "2008.03.06"]
[Round "10"]
[White "Villalobos, Oscar"]
[Black "Paterson, Jim"]
[Result "1/2-1/2"]
[WhiteElo "1934"]
[BlackElo "1821"]
[PlyCount "138"]
[GameId "2160767910557668"]
[EventDate "2008.01.03"]
[EventType "swiss"]
[EventRounds "10"]
[EventCountry "CAN"]
[SourceTitle "EXT 2011"]
[Source "ChessBase"]
[SourceDate "2011.11.26"]
[SourceVersion "1"]
[SourceVersionDate "2011.11.26"]
[SourceQuality "1"]

1. d4 Nf6 2. Nf3 e6 3. Bf4 b6 4. Nbd2 Bb7 5. e3 c5 6. Bd3 Nc6 7. c3 Be7 8. h3 cxd4 9. exd4 Qc8 10. Nc4 Ba6 11. Nd6+ Bxd6 12. Bxd6 Bxd3 13. Qxd3 Nd8 14. O-O Nb7 15. Bg3 O-O 16. Ng5 h6 17. Ne4 Nxe4 18. Qxe4 Qc6 19. Qe5 f6 20. Qe2 Nd6 21. Rac1 Nf5 22. Bh2 Rac8 23. Qd3 Qd5 24. a4 Nh4 25. Qg3 Qg5 26. f3 Qxg3 27. Bxg3 Nf5 28. Bf4 g5 29. Bh2 Rc6 30. Rfd1 Ne3 31. Rd3 Nd5 32. Ra1 a5 33. Kf1 f5 34. Be5 h5 35. Bg3 Kh7 36. Ke2 Kg6 37. Kd2 h4 38. Be1 Nf4 39. Re3 Nxg2 40. Re2 Nf4 41. Rh2 d6 42. Bf2 e5 43. Be3 Nd5 44. Bf2 e4 45. Rg1 Kh5 46. Rhg2 Rg8 47. fxe4 fxe4 48. Rg4 Nf6 49. R4g2 d5 50. Be3 g4 51. Rf2 g3 52. Rf5+ Kg6 53. Rgf1 Rd6 54. R5f4 Rh8 55. Ke2 Rh5 56. b3 Rc6 57. c4 dxc4 58. bxc4 g2 59. Rg1 Rxc4 60. Rxg2+ Kf7 61. Rgf2 Rc2+ 62. Bd2 Rc6 63. Rxe4 Re6 64. Rxe6 Kxe6 65. Kd3 Rf5 66. Re2+ Kd5 67. Be1 Nh5 68. Re3 Nf4+ 69. Kc3 Ng2 1/2-1/2

[Event "Scarborough CC ch reserves"]
[Site "Toronto CAN"]
[Date "2008.03.06"]
[Round "10"]
[White "Wang, Jerry ZS"]
[Black "Sherman, Joshua"]
[Result "0-1"]
[WhiteElo "1705"]
[BlackElo "1849"]
[PlyCount "84"]
[GameId "2160767910557669"]
[EventDate "2008.01.03"]
[EventType "swiss"]
[EventRounds "10"]
[EventCountry "CAN"]
[SourceTitle "EXT 2011"]
[Source "ChessBase"]
[SourceDate "2011.11.26"]
[SourceVersion "1"]
[SourceVersionDate "2011.11.26"]
[SourceQuality "1"]

1. e4 e5 2. Nf3 f5 3. d4 fxe4 4. Nxe5 Nf6 5. Bc4 d5 6. Bb3 Be7 7. c4 c6 8. Nc3 O-O 9. O-O Na6 10. Re1 Bf5 11. Bg5 Nc7 12. Qe2 Kh8 13. f3 dxc4 14. Qxc4 Be6 15. d5 cxd5 16. Qe2 Bc5+ 17. Kh1 exf3 18. Qxf3 Qc8 19. Qd3 Bf5 20. Qd2 Ne4 21. Nxe4 Bxe4 22. Rxe4 dxe4 23. Nf7+ Rxf7 24. Bxf7 Qf5 25. Bc4 Rf8 26. h4 Qe5 27. Be3 Bd6 28. Bg1 Qg3 29. Qe1 Qf4 30. Rd1 Be5 31. Rd7 b5 32. Bb3 Ne8 33. Rxa7 Nf6 34. g3 Qf3+ 35. Kh2 Ng4+ 36. Kh3 Qh1+ 37. Bh2 Qxe1 38. Rf7 Rxf7 39. Bxf7 Nxh2 40. Kg2 Qxg3+ 41. Kh1 Qf3+ 42. Kg1 Qf1# 0-1

[Event "Scarborough CC ch reserves"]
[Site "Toronto CAN"]
[Date "2008.03.06"]
[Round "10"]
[White "Xia, Linda"]
[Black "Ward, Dean"]
[Result "0-1"]
[WhiteElo "1376"]
[BlackElo "1578"]
[PlyCount "68"]
[GameId "2160767910557670"]
[EventDate "2008.01.03"]
[EventType "swiss"]
[EventRounds "10"]
[EventCountry "CAN"]
[SourceTitle "EXT 2011"]
[Source "ChessBase"]
[SourceDate "2011.11.26"]
[SourceVersion "1"]
[SourceVersionDate "2011.11.26"]
[SourceQuality "1"]

1. d4 d5 2. c4 e6 3. Nc3 Nf6 4. Bg5 Nbd7 5. e3 Bb4 6. Nf3 c5 7. a3 Bxc3+ 8. bxc3 Qa5 9. Bxf6 Qxc3+ 10. Nd2 Nxf6 11. cxd5 exd5 12. Bb5+ Bd7 13. Bxd7+ Nxd7 14. dxc5 Nxc5 15. O-O O-O 16. Nf3 Rfd8 17. Qb1 Qf6 18. Rc1 b6 19. a4 Ne4 20. a5 Rab8 21. Qd3 Nc5 22. Qd1 Qd6 23. axb6 axb6 24. Ra7 Ra8 25. Rca1 Rxa7 26. Rxa7 h6 27. Qb1 Rb8 28. Qf5 Qe6 29. Qf4 Rc8 30. Nd4 Nd3 31. Rc7 Nxf4 32. Nxe6 Ra8 33. g3 Ra1+ 34. Rc1 Rxc1# 0-1

[Event "Sherbrooke op-A"]
[Site "Sherbrooke CAN"]
[Date "2008.05.23"]
[Round "1"]
[White "Larochelle, Martial"]
[Black "Germain, Benoit"]
[Result "1/2-1/2"]
[WhiteElo "2210"]
[BlackElo "1816"]
[PlyCount "84"]
[GameId "2160767910354578"]
[EventDate "2008.05.23"]
[EventType "swiss"]
[EventRounds "5"]
[EventCountry "CAN"]
[SourceTitle "EXT 2011"]
[Source "ChessBase"]
[SourceDate "2011.11.26"]
[SourceVersion "1"]
[SourceVersionDate "2011.11.26"]
[SourceQuality "1"]

1. Nf3 d5 2. d4 Nf6 3. c4 c6 4. Nc3 e6 5. Bg5 h6 6. Bh4 dxc4 7. e4 g5 8. Bg3 b5 9. Be2 Bg7 10. a4 b4 11. e5 Nd5 12. Ne4 O-O 13. Bxc4 a5 14. Qc2 Nd7 15. b3 N7b6 16. h4 g4 17. Nfg5 Re8 18. Nf6+ Nxf6 19. exf6 Qxf6 20. Qh7+ Kf8 21. Bd6+ Re7 22. Ne4 Qf5 23. Bxe7+ Kxe7 24. Qxf5 exf5 25. Nd2 Bxd4 26. Rc1 Bc3 27. Ke2 Be6 28. Bxe6 fxe6 29. Rhd1 c5 30. Rc2 Bd4 31. Rdc1 Kd6 32. Nc4+ Nxc4 33. Rxc4 e5 34. Rf1 Re8 35. f3 gxf3+ 36. Rxf3 Rg8 37. Rxf5 Rxg2+ 38. Kd1 e4 39. Rc2 Rg1+ 40. Ke2 Rg2+ 41. Kd1 Rg1+ 42. Ke2 Rg2+ 1/2-1/2

[Event "Sherbrooke op-A"]
[Site "Sherbrooke CAN"]
[Date "2008.05.23"]
[Round "1"]
[White "Maharisoa, Tantely"]
[Black "Desjardins, Michel"]
[Result "1/2-1/2"]
[WhiteElo "1688"]
[BlackElo "1954"]
[PlyCount "44"]
[GameId "2160767910354579"]
[EventDate "2008.05.23"]
[EventType "swiss"]
[EventRounds "5"]
[EventCountry "CAN"]
[SourceTitle "EXT 2011"]
[Source "ChessBase"]
[SourceDate "2011.11.26"]
[SourceVersion "1"]
[SourceVersionDate "2011.11.26"]
[SourceQuality "1"]

1. d4 d5 2. c4 c6 3. e3 Bf5 4. Nc3 e6 5. Nf3 Nf6 6. cxd5 cxd5 7. Bd3 Bxd3 8. Qxd3 Nc6 9. a3 Rc8 10. b4 Bd6 11. Bb2 O-O 12. O-O h6 13. e4 dxe4 14. Nxe4 Nd5 15. g3 Bb8 16. Rad1 b6 17. Ne5 Bxe5 18. dxe5 Rc7 19. Qf3 Qa8 20. Qg4 Nce7 21. Nd6 g6 22. Qe2 Nf5 1/2-1/2

[Event "Sherbrooke op-A"]
[Site "Sherbrooke CAN"]
[Date "2008.05.23"]
[Round "1"]
[White "Masse, Hugues"]
[Black "Lavoie, Eric"]
[Result "1-0"]
[WhiteElo "2237"]
[BlackElo "1896"]
[PlyCount "53"]
[GameId "2160767910354580"]
[EventDate "2008.05.23"]
[EventType "swiss"]
[EventRounds "5"]
[EventCountry "CAN"]
[SourceTitle "EXT 2011"]
[Source "ChessBase"]
[SourceDate "2011.11.26"]
[SourceVersion "1"]
[SourceVersionDate "2011.11.26"]
[SourceQuality "1"]

1. e4 e6 2. d4 d5 3. Nc3 Nf6 4. Bg5 Bb4 5. exd5 Qxd5 6. Bxf6 gxf6 7. Qd2 Qa5 8. Nge2 Bd7 9. O-O-O Bc6 10. a3 Bxc3 11. Nxc3 Nd7 12. d5 Bxd5 13. Nxd5 Qxd2+ 14. Rxd2 exd5 15. Rxd5 Ne5 16. f4 Ng4 17. Bc4 O-O 18. Rd7 Ne3 19. Bb3 Rac8 20. Re1 Nf5 21. g4 Nh6 22. Ree7 Kg7 23. h3 f5 24. g5 Ng8 25. Rxf7+ Rxf7 26. Bxf7 Kf8 27. Be6 1-0

[Event "Sherbrooke op-A"]
[Site "Sherbrooke CAN"]
[Date "2008.05.23"]
[Round "1"]
[White "Pilotte, Benoit"]
[Black "Jiang, Louie"]
[Result "0-1"]
[WhiteElo "1788"]
[BlackElo "2098"]
[PlyCount "46"]
[GameId "2160767910354581"]
[EventDate "2008.05.23"]
[EventType "swiss"]
[EventRounds "5"]
[EventCountry "CAN"]
[SourceTitle "EXT 2011"]
[Source "ChessBase"]
[SourceDate "2011.11.26"]
[SourceVersion "1"]
[SourceVersionDate "2011.11.26"]
[SourceQuality "1"]

1. g4 d5 2. Bg2 c6 3. c4 dxc4 4. Na3 Bxg4 5. Nxc4 Nf6 6. Qb3 Qc7 7. Ne5 Be6 8. Qc3 Nbd7 9. d4 Nd5 10. Bxd5 Bxd5 11. f3 f6 12. e4 fxe5 13. exd5 exd4 14. Qxd4 Qa5+ 15. Bd2 Qxd5 16. Qf2 Ne5 17. Qe2 O-O-O 18. Bc3 Nd3+ 19. Kf1 Nf4 20. Qe1 e5 21. h4 Bc5 22. Qg3 Qc4+ 23. Ke1 Nd3+ 0-1

[Event "Sherbrooke op-A"]
[Site "Sherbrooke CAN"]
[Date "2008.05.23"]
[Round "1"]
[White "Schomers, Philippe"]
[Black "Drolet, Stephane"]
[Result "0-1"]
[WhiteElo "1880"]
[BlackElo "2122"]
[PlyCount "190"]
[GameId "2160767910354582"]
[EventDate "2008.05.23"]
[EventType "swiss"]
[EventRounds "5"]
[EventCountry "CAN"]
[SourceTitle "EXT 2011"]
[Source "ChessBase"]
[SourceDate "2011.11.26"]
[SourceVersion "1"]
[SourceVersionDate "2011.11.26"]
[SourceQuality "1"]

1. c4 c6 2. Nf3 d5 3. cxd5 cxd5 4. d4 Nc6 5. Nc3 Nf6 6. Bf4 a6 7. e3 Nh5 8. Bg3 e6 9. Bd3 Be7 10. Ne5 Nxg3 11. Nxc6 bxc6 12. hxg3 g6 13. Rc1 c5 14. dxc5 Bxc5 15. b4 Be7 16. Qc2 Kf8 17. Rb1 Kg7 18. O-O h5 19. Ne2 Bb7 20. Nd4 Rc8 21. Qe2 Qd6 22. f4 Bf6 23. Nf3 Rc3 24. a4 Ra3 25. b5 Rxa4 26. bxa6 Bxa6 27. Bxa6 Rxa6 28. Rb7 Rb6 29. Rb1 Rxb1+ 30. Rxb1 Qc5 31. Kh2 Rc8 32. Rd1 Qc4 33. Qd3 Qxd3 34. Rxd3 Rc3 35. Rxc3 Bxc3 36. Kh3 f6 37. g4 e5 38. fxe5 fxe5 39. gxh5 gxh5 40. Kh4 Kg6 41. g4 hxg4 42. Kxg4 Kf6 43. Ng1 Ke6 44. Kf3 Kf5 45. Nh3 Be1 46. Ke2 Bh4 47. Ng1 Bf6 48. Nf3 Ke6 49. Nd2 Kd6 50. Nb3 Kc6 51. Kd2 Kb5 52. Nc1 Bg5 53. Nd3 e4 54. Nf2 Kc4 55. Ke2 Kc3 56. Nd1+ Kc4 57. Nf2 Kc5 58. Nd1 Kd6 59. Nc3 Bf6 60. Nd1 Ke5 61. Nc3 Bd8 62. Na4 Bg5 63. Nb2 Kd6 64. Nd1 Kc5 65. Nf2 Bf6 66. Ng4 Bg7 67. Nf2 Kc4 68. Nd1 Kb3 69. Nf2 Kc2 70. Nd1 Be5 71. Nf2 Bg3 72. Ng4 Bh4 73. Nh6 Kc3 74. Nf5 Bg5 75. Ng3 Kc4 76. Nf5 Kc5 77. Ng3 Kd6 78. Nf5+ Ke5 79. Nd4 Bh6 80. Nc6+ Kd6 81. Nd4 Bg5 82. Nf5+ Ke5 83. Nd4 Bf6 84. Nc2 Kd6 85. Ne1 Kc5 86. Ng2 Bg5 87. Ne1 Kc4 88. Nc2 Bf6 89. Ne1 Bh4 90. Ng2 Bg5 91. Ne1 Bh4 92. Ng2 Bg3 93. Nf4 Bxf4 94. exf4 Kd4 95. Kf2 Kc5 0-1

[Event "Sherbrooke op-A"]
[Site "Sherbrooke CAN"]
[Date "2008.05.23"]
[Round "1"]
[White "Trinh, Tri Bao"]
[Black "Deschenes, Marc-Andre"]
[Result "1-0"]
[WhiteElo "2095"]
[BlackElo "1702"]
[PlyCount "55"]
[GameId "2160767910354583"]
[EventDate "2008.05.23"]
[EventType "swiss"]
[EventRounds "5"]
[EventCountry "CAN"]
[SourceTitle "EXT 2011"]
[Source "ChessBase"]
[SourceDate "2011.11.26"]
[SourceVersion "1"]
[SourceVersionDate "2011.11.26"]
[SourceQuality "1"]

1. e4 c5 2. c3 d5 3. exd5 Qxd5 4. d4 e6 5. Nf3 Nf6 6. Bd3 Be7 7. O-O O-O 8. Qe2 Nc6 9. Rd1 cxd4 10. cxd4 b6 11. Nc3 Qd8 12. a3 Bb7 13. Bg5 Rc8 14. Rac1 Re8 15. Bb1 Na5 16. Qd3 g6 17. Ba2 Nd5 18. Ne4 Rxc1 19. Bxc1 Nf6 20. Neg5 Nd5 21. h4 Nf6 22. Ne5 Rf8 23. b4 Nc6 24. Nexf7 Qa8 25. Bxe6 Kg7 26. d5 Nb8 27. Ne5 Rd8 28. Nxh7 1-0

[Event "Sherbrooke op-A"]
[Site "Sherbrooke CAN"]
[Date "2008.05.24"]
[Round "2"]
[White "Deschenes, Marc-Andre"]
[Black "Pilotte, Benoit"]
[Result "0-1"]
[WhiteElo "1702"]
[BlackElo "1788"]
[PlyCount "69"]
[GameId "2160767910354584"]
[EventDate "2008.05.23"]
[EventType "swiss"]
[EventRounds "5"]
[EventCountry "CAN"]
[SourceTitle "EXT 2011"]
[Source "ChessBase"]
[SourceDate "2011.11.26"]
[SourceVersion "1"]
[SourceVersionDate "2011.11.26"]
[SourceQuality "1"]

1. e4 g6 2. d4 Bg7 3. Nc3 d6 4. Nf3 Nd7 5. Be3 a6 6. Qd2 h6 7. Bd3 e6 8. O-O Ne7 9. a4 b6 10. Rfe1 Bb7 11. h3 Kf8 12. Bc4 Kg8 13. Rad1 Nf6 14. Bf4 Qd7 15. Bb3 b5 16. axb5 axb5 17. e5 Nfd5 18. Nxd5 Nxd5 19. Bg3 Kh7 20. exd6 cxd6 21. Ra1 Rhc8 22. Nh2 Qc6 23. f3 Qb6 24. c3 Ra6 25. Rxa6 Qxa6 26. Bxd5 Bxd5 27. Qf4 e5 28. dxe5 Bxe5 29. Rxe5 dxe5 30. Qxe5 Qa1+ 31. Be1 Be6 32. Qe2 Bc4 33. Qe4 Rc5 34. Qe3 h5 35. Nf1 0-1

[Event "Sherbrooke op-A"]
[Site "Sherbrooke CAN"]
[Date "2008.05.24"]
[Round "2"]
[White "Desjardins, Michel"]
[Black "Giroux, Robert"]
[Result "1/2-1/2"]
[WhiteElo "1954"]
[BlackElo "1984"]
[PlyCount "150"]
[GameId "2160767910354585"]
[EventDate "2008.05.23"]
[EventType "swiss"]
[EventRounds "5"]
[EventCountry "CAN"]
[SourceTitle "EXT 2011"]
[Source "ChessBase"]
[SourceDate "2011.11.26"]
[SourceVersion "1"]
[SourceVersionDate "2011.11.26"]
[SourceQuality "1"]

1. e4 c5 2. Nc3 Nc6 3. g3 g6 4. Bg2 Bg7 5. d3 d6 6. Be3 Nf6 7. h3 O-O 8. Qd2 Nd4 9. Nce2 e5 10. c3 Nc6 11. Bh6 d5 12. Bxg7 Kxg7 13. exd5 Nxd5 14. Nf3 f6 15. O-O Be6 16. Kh2 Qd7 17. Rfd1 Rad8 18. Qc2 Nde7 19. Ne1 Nf5 20. Rd2 Rfe8 21. Rad1 Qf7 22. b3 h5 23. Qb2 Qc7 24. Kg1 Bd5 25. Nf3 e4 26. dxe4 Bxe4 27. Nf4 h4 28. Rxd8 Nxd8 29. Qd2 Qc6 30. Qd7+ Re7 31. Qxc6 Nxc6 32. g4 Bxf3 33. Bxf3 Ne5 34. Bg2 Nh6 35. Nd5 Rd7 36. f4 Nc6 37. Re1 Nf7 38. Re8 Rd8 39. Re6 Rd6 40. Rxd6 Nxd6 41. Nc7 Nd8 42. Kf2 g5 43. f5 a6 44. Ke3 Kf8 45. Kd3 Ke7 46. c4 Ne8 47. Nxe8 Kxe8 48. a3 Kd7 49. b4 Kd6 50. b5 axb5 51. cxb5 b6 52. a4 Nf7 53. Kc3 Ne5 54. Bh1 Nd7 55. Bc6 Nb8 56. Bg2 Nd7 57. Bc6 Ne5 58. Bg2 Nf7 59. Bf3 Ne5 60. Bg2 Kc7 61. Be4 Nf7 62. Kc4 Nd6+ 63. Kd5 Kd7 64. Bf3 Nb7 65. Kc4 Na5+ 66. Kd5 Nb3 67. Bd1 Na5 68. Be2 Nb7 69. Bf3 Nd6 70. Be2 Nc8 71. Bf3 Ne7+ 72. Kc4 Kd6 73. Bg2 Nc8 74. Bb7 Ne7 75. Bg2 Nc8 1/2-1/2

[Event "Sherbrooke op-A"]
[Site "Sherbrooke CAN"]
[Date "2008.05.24"]
[Round "2"]
[White "Dorion, Francois"]
[Black "Larochelle, Martial"]
[Result "0-1"]
[WhiteElo "1696"]
[BlackElo "2210"]
[PlyCount "36"]
[GameId "2160767910354586"]
[EventDate "2008.05.23"]
[EventType "swiss"]
[EventRounds "5"]
[EventCountry "CAN"]
[SourceTitle "EXT 2011"]
[Source "ChessBase"]
[SourceDate "2011.11.26"]
[SourceVersion "1"]
[SourceVersionDate "2011.11.26"]
[SourceQuality "1"]

1. d4 Nf6 2. Nc3 d5 3. e4 Nxe4 4. Nxe4 dxe4 5. f3 e5 6. dxe5 Qxd1+ 7. Kxd1 Nc6 8. Bb5 Bd7 9. Bxc6 Bxc6 10. fxe4 Bxe4 11. Nf3 O-O-O+ 12. Bd2 Be7 13. h4 Rd5 14. Re1 Bxf3+ 15. gxf3 Bxh4 16. Re2 Rhd8 17. Kc1 Rxd2 18. Re4 Rd1# 0-1

[Event "Sherbrooke op-A"]
[Site "Sherbrooke CAN"]
[Date "2008.05.24"]
[Round "2"]
[White "Gauthier, Denis"]
[Black "Maharisoa, Tantely"]
[Result "1-0"]
[WhiteElo "1938"]
[BlackElo "1688"]
[PlyCount "67"]
[GameId "2160767910354588"]
[EventDate "2008.05.23"]
[EventType "swiss"]
[EventRounds "5"]
[EventCountry "CAN"]
[SourceTitle "EXT 2011"]
[Source "ChessBase"]
[SourceDate "2011.11.26"]
[SourceVersion "1"]
[SourceVersionDate "2011.11.26"]
[SourceQuality "1"]

1. d4 Nf6 2. c4 e6 3. Nf3 d5 4. Nc3 Be7 5. Bf4 c6 6. e3 Bd6 7. Bg5 Nbd7 8. Bd3 a6 9. O-O O-O 10. Qc2 h6 11. Bh4 Re8 12. c5 Be7 13. b4 Nh5 14. Bxe7 Qxe7 15. e4 Nf4 16. exd5 cxd5 17. Rfe1 Qd8 18. a4 Nxd3 19. Qxd3 Nb8 20. b5 Bd7 21. Ne5 Qc7 22. Qf3 Rf8 23. h3 Be8 24. Reb1 Nd7 25. Nxd7 Bxd7 26. bxa6 bxa6 27. Rb6 Bc6 28. Qd3 Bb7 29. Rab1 Rfb8 30. Qg3 Qe7 31. c6 Bxc6 32. Rxb8+ Rxb8 33. Qxb8+ Kh7 34. Qb6 1-0

[Event "Sherbrooke op-A"]
[Site "Sherbrooke CAN"]
[Date "2008.05.24"]
[Round "2"]
[White "Germain, Benoit"]
[Black "Forget, David"]
[Result "1/2-1/2"]
[WhiteElo "1816"]
[BlackElo "1928"]
[PlyCount "34"]
[GameId "2160767910354589"]
[EventDate "2008.05.23"]
[EventType "swiss"]
[EventRounds "5"]
[EventCountry "CAN"]
[SourceTitle "EXT 2011"]
[Source "ChessBase"]
[SourceDate "2011.11.26"]
[SourceVersion "1"]
[SourceVersionDate "2011.11.26"]
[SourceQuality "1"]

1. e4 e6 2. d4 d5 3. Nc3 Bb4 4. e5 c5 5. Bd2 Ne7 6. Nb5 Bxd2+ 7. Qxd2 O-O 8. dxc5 Nd7 9. f4 Nxc5 10. O-O-O Ne4 11. Qe1 Qb6 12. Nd4 Nc6 13. Ngf3 Bd7 14. Kb1 Rac8 15. Ka1 Nxd4 16. Nxd4 Rc7 17. c3 f5 1/2-1/2

[Event "Sherbrooke op-A"]
[Site "Sherbrooke CAN"]
[Date "2008.05.24"]
[Round "2"]
[White "Jiang, Louie"]
[Black "Masse, Hugues"]
[Result "0-1"]
[WhiteElo "2098"]
[BlackElo "2237"]
[PlyCount "114"]
[GameId "2160767910354590"]
[EventDate "2008.05.23"]
[EventType "swiss"]
[EventRounds "5"]
[EventCountry "CAN"]
[SourceTitle "EXT 2011"]
[Source "ChessBase"]
[SourceDate "2011.11.26"]
[SourceVersion "1"]
[SourceVersionDate "2011.11.26"]
[SourceQuality "1"]

1. e4 e6 2. d4 d5 3. Nc3 Nf6 4. e5 Nfd7 5. f4 c5 6. Nf3 Nc6 7. Be3 cxd4 8. Nxd4 Bc5 9. Qd2 O-O 10. O-O-O a6 11. g4 Nxd4 12. Bxd4 b5 13. h4 b4 14. Ne2 a5 15. Ng3 Qc7 16. Bh3 a4 17. Kb1 Bb7 18. Rhe1 b3 19. Rc1 bxa2+ 20. Kxa2 Rfb8 21. f5 Ba6 22. f6 Bxd4 23. Qxd4 Qc4+ 24. Qxc4 Bxc4+ 25. Ka1 gxf6 26. exf6 Nxf6 27. g5 Nd7 28. Nh5 Nc5 29. Nf6+ Kh8 30. Bf1 Bxf1 31. Rxf1 Rb7 32. h5 Rab8 33. Rb1 d4 34. Rg1 d3 35. cxd3 Nb3+ 36. Ka2 Nd2 37. g6 fxg6 38. hxg6 Nxb1 39. gxh7 Rg7 40. Rxb1 Rf7 41. Ne4 Rf5 42. Nc3 Rf4 43. Re1 Rfb4 44. Re2 Kxh7 45. d4 Kg7 46. Ka3 Rb3+ 47. Kxa4 Rxb2 48. Rxb2 Rxb2 49. Ka3 Rb8 50. Ne4 Kg6 51. Nc5 Kf5 52. Ka4 Rb6 53. Ka5 Rb1 54. Na4 Ra1 55. Kb4 Rxa4+ 56. Kxa4 Ke4 57. d5 Kxd5 0-1

[Event "Sherbrooke op-A"]
[Site "Sherbrooke CAN"]
[Date "2008.05.24"]
[Round "2"]
[White "Lavoie, Eric"]
[Black "Schomers, Philippe"]
[Result "1/2-1/2"]
[WhiteElo "1896"]
[BlackElo "1880"]
[PlyCount "92"]
[GameId "2160767910354592"]
[EventDate "2008.05.23"]
[EventType "swiss"]
[EventRounds "5"]
[EventCountry "CAN"]
[SourceTitle "EXT 2011"]
[Source "ChessBase"]
[SourceDate "2011.11.26"]
[SourceVersion "1"]
[SourceVersionDate "2011.11.26"]
[SourceQuality "1"]

1. d4 d5 2. Nf3 Nc6 3. e3 Bg4 4. Bb5 e6 5. O-O Bd6 6. Nc3 Nge7 7. e4 Bxf3 8. Qxf3 O-O 9. Be3 Bb4 10. exd5 exd5 11. Bxc6 bxc6 12. Na4 Qd7 13. c3 Bd6 14. b4 Rfe8 15. Rfe1 Qf5 16. Qxf5 Nxf5 17. Bd2 f6 18. g3 Kf7 19. Nb2 a5 20. a3 axb4 21. axb4 Rxe1+ 22. Rxe1 Ra2 23. Rb1 Ne7 24. Be1 Nc8 25. c4 dxc4 26. Nxc4 Ke6 27. Ne3 Nb6 28. Kg2 Nd5 29. Nc4 Rc2 30. Nxd6 Kxd6 31. b5 cxb5 32. Rxb5 Rc4 33. Rb8 Rxd4 34. Rg8 g5 35. Rh8 c5 36. Rxh7 Ke6 37. Rh8 Rd1 38. Re8+ Kf7 39. Re2 Rc1 40. Ba5 c4 41. Kf3 Ra1 42. Be1 Rd1 43. Rd2 Rxe1 44. Rxd5 Rh1 45. Kg2 Rc1 46. Rc5 c3 1/2-1/2

[Event "Sherbrooke op-A"]
[Site "Sherbrooke CAN"]
[Date "2008.05.24"]
[Round "3"]
[White "Germain, Benoit"]
[Black "Jiang, Louie"]
[Result "0-1"]
[WhiteElo "1816"]
[BlackElo "2098"]
[PlyCount "106"]
[GameId "2160767910354593"]
[EventDate "2008.05.23"]
[EventType "swiss"]
[EventRounds "5"]
[EventCountry "CAN"]
[SourceTitle "EXT 2011"]
[Source "ChessBase"]
[SourceDate "2011.11.26"]
[SourceVersion "1"]
[SourceVersionDate "2011.11.26"]
[SourceQuality "1"]

1. e4 c5 2. Nc3 Nc6 3. f4 g6 4. Nf3 Bg7 5. d3 e6 6. e5 d6 7. exd6 Qxd6 8. Ne4 Qc7 9. c3 b6 10. Be3 Bb7 11. Be2 Nge7 12. g3 O-O 13. O-O Rad8 14. Qe1 Rd7 15. Rd1 Rfd8 16. Qf2 Nf5 17. Bc1 Ba6 18. Ne1 c4 19. d4 Ncxd4 20. cxd4 Rxd4 21. Nf3 Rxe4 22. Rxd8+ Qxd8 23. Rd1 Nd4 24. Be3 Nxe2+ 25. Qxe2 Qc8 26. Qf2 c3 27. Rc1 Rc4 28. b3 Rc7 29. Nd4 Qd8 30. Nc2 Bb7 31. h3 Rd7 32. Qe2 Qc7 33. Kh2 Qc6 34. Re1 Qe4 35. Qf2 Qf3 36. Qxf3 Bxf3 37. Kg1 Rd2 38. Rc1 Be4 39. Bxd2 cxd2 40. Rd1 Bxc2 41. Rxd2 Be4 42. Rd7 a5 43. Kf2 Bf8 44. Ke3 Bc6 45. Rc7 Bc5+ 46. Kd3 Bg2 47. Rxc5 bxc5 48. Kc4 a4 49. Kxc5 axb3 50. axb3 Bxh3 51. b4 Kf8 52. Kd6 Bf1 53. Kd7 h6 0-1

[Event "Sherbrooke op-A"]
[Site "Sherbrooke CAN"]
[Date "2008.05.24"]
[Round "3"]
[White "Giroux, Robert"]
[Black "Gauthier, Denis"]
[Result "0-1"]
[WhiteElo "1984"]
[BlackElo "1938"]
[PlyCount "104"]
[GameId "2160767910354594"]
[EventDate "2008.05.23"]
[EventType "swiss"]
[EventRounds "5"]
[EventCountry "CAN"]
[SourceTitle "EXT 2011"]
[Source "ChessBase"]
[SourceDate "2011.11.26"]
[SourceVersion "1"]
[SourceVersionDate "2011.11.26"]
[SourceQuality "1"]

1. g3 Nf6 2. Bg2 d5 3. c4 c6 4. cxd5 cxd5 5. d4 e6 6. Nf3 Bd6 7. O-O Nc6 8. Nc3 O-O 9. Bg5 h6 10. Bxf6 Qxf6 11. e4 dxe4 12. Nxe4 Qe7 13. d5 exd5 14. Qxd5 Bb4 15. Nd4 Nxd4 16. Qxd4 Rd8 17. Qe3 f5 18. a3 Ba5 19. Qc5 Qxc5 20. Nxc5 Rb8 21. Rad1 b5 22. b4 Bb6 23. Rfe1 Kf8 24. Rxd8+ Bxd8 25. Bc6 Be7 26. Nd3 Rb6 27. Ne5 Bf6 28. Bd5 g5 29. f4 Rd6 30. Ng6+ Kg7 31. Ne7 Bd7 32. Kg2 Kf8 33. Ng6+ Kg7 34. Ne7 Bb2 35. Re3 Bf6 36. Kf1 Bd4 37. Rd3 Bf6 38. Ng8 Be6 39. Nxf6 Kxf6 40. fxg5+ hxg5 41. Bxe6 Rxd3 42. Bc8 Rxa3 43. Bd7 a6 44. Bc8 Ra4 45. Kf2 Rxb4 46. Bxa6 Rb2+ 47. Kg1 b4 48. h4 gxh4 49. gxh4 Rd2 50. Bc4 Rd4 51. Bb3 Rxh4 52. Kg2 Ke5 0-1